banner-ar

رحلة ابن بطوطة : (Record no. 52392)

MARC details
000 -الفاتح
حقل البيانات ثابتة الطول 00818nam a2200205Ia 4500
008 - عناصر البيانات ثابتة الطول - معلومات عامة
حقل البيانات ثابتة الطول 140319s9999 xx 000 0 ara d
040 ## - مصدر الفهرسة
وكالة الفهرسة الأصلية GCL /
وكالة النسخ GCL
082 04 - رقم تصنيف ديوى العشرى
رقم التصنيف 913.04
رقم المادة ب ر
100 1# - المدخل الرئيسى - إسم شخصى
الإسم الشخصى محمد عبدالمنعم العريان (مراجع)
245 10 - بيان العنوان
العنوان رحلة ابن بطوطة :
بقية العنوان تحفة النظار فى غرائب الامصار و عجائب الاسفار /
بيان المسئوليه,etc محمد عبدالمنعم العريان (مراجع)
700 1# - المدخل الاضافى - اسم شخصى
الإسم الشخصى ابن بطوطة : شرف الدين ابوعبدالله محمد بن عبدالله
260 ## - PUBLICATION, DISTRIBUTION, ETC. (IMPRINT)
تاريخ النشر أو التوزيع 1992
300 ## - الوصف المادى
التعداد متعدد ؛
أبعاد الوعاء 24 سم
490 ## - بيان السلسلة
عنوان السلسلة
650 04 - المدخل الاضافى بالموضوع-مصطلح موضوعى
مصطلح موضوعي الجغرافيا
650 04 - المدخل الاضافى بالموضوع-مصطلح موضوعى
مصطلح موضوعي الجغرافيا والرحلات
650 04 - المدخل الاضافى بالموضوع-مصطلح موضوعى
مصطلح موضوعي الرحالة
942 ## - عناصر المدخل الإضافي( كوها)
مصدر التصنيف او مخطط الترفيف Dewey Decimal Classification
Koha [default] item type كتاب
260 ## - PUBLICATION, DISTRIBUTION, ETC. (IMPRINT)
-- بيروت :
-- دار احياء العلوم ،
Holdings
حالة التراجع حالة الفقد حالة تلف ليس للاعارة المكان المؤقت الموقع الحالى تاريخ الاكتساب اجمالي اﻻعارات رقم الطلب الباركود تاريخ اخر مشاهدة تاريخ تفعيل السعر نوع وعاء كوها
        مكتبة القاهرة الكبرى مكتبة القاهرة الكبرى 03/26/2014   913.04\ب ر 125399 03/26/2014 03/26/2014 كتاب
        مكتبة القاهرة الكبرى مكتبة القاهرة الكبرى 03/26/2014   913.04\ب ر 125400 03/26/2014 03/26/2014 كتاب
        مكتبة القاهرة الكبرى مكتبة القاهرة الكبرى 03/26/2014   913.04\ب ر 125401 03/26/2014 03/26/2014 كتاب
        مكتبة القاهرة الكبرى مكتبة القاهرة الكبرى 03/26/2014   913.04\ب ر 125402 03/26/2014 03/26/2014 كتاب

Powered By

EGPV